Funcionalidad de herramientas de predicción de coberturas para sistemas de comunicación inalámbricos
Guardat en:
| Autor principal: | |
|---|---|
| Format: | Llibre |
| Publicat: |
[San José, Costa Rica]
2004
|
| Matèries: | |
| Etiquetes: |
Afegir etiqueta
Sense etiquetes, Sigues el primer a etiquetar aquest registre!
|
MARC
| LEADER | 00000nam a2200000Ia 4500 | ||
|---|---|---|---|
| 003 | 009418 | ||
| 005 | 20221231144134.0 | ||
| 008 | 140114s2004 cr a m 000 ||s d | ||
| 040 | |c cru CEDI | ||
| 090 | |a TFG 4961 | ||
| 100 | |a Murillo Marín, Cristian |9 6273 | ||
| 245 | |a Funcionalidad de herramientas de predicción de coberturas para sistemas de comunicación inalámbricos | ||
| 260 | |c 2004 |a [San José, Costa Rica] | ||
| 300 | |a xvi, 214 páginas : ilustraciones, mapas (algunas a color) | ||
| 500 | |a Proyecto de graduación (Bachillerato en ingeniería eléctrica)--Uniniversidad de Costa Rica. Facultad de Ingeniería. Escuela de Ingeniería Eléctrica | ||
| 650 | |x SISTEMAS MOVILES DE COMUNICACION |x HERRAMIENTAS |9 6274 | ||
| 942 | |c TFG | ||
| 999 | |c 17459 |d 17459 | ||
